LEADER 02491njm a2200565 a 4500
001 000293027
003 CZ BrMZK
005 20210409093642.0
008 950101s1995 xr f eng d
028 0 3 |a 31 0263-2 931  |b Multisonic 
040 |a BOA001  |b cze 
080 |a 786.6"19"(086.7)  |2 MRF 
080 |a 783.21"19"(086.7)  |2 MRF 
080 |a 784.1.087.684(086.7)  |2 MRF 
080 |a 785.76:788.1/.4(086.7)  |2 MRF 
100 1 |a Ropek, Jiří,  |d 1922-2005  |7 jn20010602663  |4 cmp  |4 prf 
245 1 0 |a Composer and organist  |h [zvukový záznam] /  |c Jiří Ropek. 
246 3 3 |a Christmas fantasy for organ, mixed choir and chamber orchestra 
246 3 3 |a Fresco for violin and organ 
246 3 3 |a Homage to the anonymous 
246 3 3 |a Jiří Ropek - composer and organist 
246 3 3 |a Missa brevis 
246 3 3 |a Partita for organ on "Adoro te devote" 
246 3 3 |a Toccata and fugue for organ 
246 3 3 |a Toccata for organ Missa brevis 
260 |a Praha :  |b Multisonic,  |c p1995 
300 |a 1 CD :  |b DDD ;  |c 12 cm +  |e 1 brožura (11 s.). 
306 |a 011211 
500 |a Text v brožuře vícejaz. 
500 |a Nahr. 1994 
500 |a Durata 72:11 
505 2 |a Toccata for organ Missa brevis, Homage to the anonymous, Partita for organ on "Adoro te devote"...[et al.] 
511 0 |a John Scott, varhany; Jan Kalfus, varhany; Pavel Černý, varhany...[et al.]. Pražský pěvecký sbor; Komorní orchestr, řídí Pavel Kühn; Soubor Pražských trubačů, řídí Josef Svejkovský 
653 0 |a mše  |a smíšené sbory  |a varhanní fantazie  |a varhanní fugy  |a varhanní toccaty  |a varhany  |a žesťové sextety  |a žesťové suity 
700 1 |a Scott, John,  |d 1956-  |7 xx0041000  |4 prf 
700 1 |a Svejkovský, Josef,  |d 1938-2009  |7 jn20020207008  |4 cnd 
700 1 |a Černý, Pavel,  |d 1970-  |7 jn19990209126  |4 prf 
700 1 |a Kalfus, Jan,  |d 1956-  |7 jo20010084919  |4 prf 
700 1 |a Kibbie, James,  |d 1949-  |7 mzk2015889113  |4 prf 
700 1 |a Kühn, Pavel,  |d 1938-2003  |7 jn19990009906  |4 cnd 
700 1 |a Pavlík, Čeněk,  |d 1955-  |7 jn19990209632  |4 prf 
710 2 |a Český pěvecký sbor  |7 mzk2004214196 
710 2 |a Soubor pražských trubačů  |7 xx0071177  |4 prf 
910 |a BOA001  |b CD-0003.166 
964 |a Sextety žesťové  |x CD 
964 |a Varhany  |z stol.20.,pol.2.  |x CD 
964 |a Mše  |z stol.20.,pol.2.  |x CD 
964 |a Sbory smíšené s doprovodem  |x CD 
990 |a AV 
996 6 |b 261H003202  |c CD-0003.166  |l MZK  |r Sklad / do 24 hodin  |n 1  |w 000293027  |u 000010  |a 1  |e BOA001  |j MZK50  |s P